00649nam a2200193Ia 4500008004100000020002400041040001900065041001200084082004600096100001800142245008900160260004400249300003100293504005000324630002500374650002200399651001400421850002000435131103s9999 xx 000 0 und d a9.79E+12cRs.350.00 aLoreto College aEnglish a371.9/MANbLCBED/14644,14645,14646, 14643 aMangal, S. K. aEducating exceptional children b An introduction to Special Education cS.K. Mangal aNew DelhibPrentice-Hall of Indiac2007 axv,584pb diagramsc 24 cm aIncludes bibliographical references and index aExceptional Children aSpecial Education aEducation aLCBED/371.9/MAN